Richardson v SoS Environment and Milton Keynes BC (Record no. 52803)
[ view plain ]
| 000 -LEADER | |
|---|---|
| fixed length control field | 01623cab a2200229 4500 |
| 001 - CONTROL NUMBER | |
| control field | ABS58343 |
| 008 - FIXED-LENGTH DATA ELEMENTS--GENERAL INFORMATION | |
| fixed length control field | 090401t1998 xxu||||| |||| 00| 0 eng d |
| 035 ## - SYSTEM CONTROL NUMBER | |
| System control number | (Sirsi) u83582 |
| 041 ## - LANGUAGE CODE | |
| Language code of text/sound track or separate title | eng |
| 245 ## - TITLE STATEMENT | |
| Title | Richardson v SoS Environment and Milton Keynes BC |
| 260 ## - PUBLICATION, DISTRIBUTION, ETC. | |
| Date of publication, distribution, etc. | 1998 |
| 350 ## - PRICE (NR) (BK AM CF MU VM SE) [OBSOLETE] | |
| Price | 0 |
| 490 ## - SERIES STATEMENT | |
| Series statement | Property and Compensation Reports |
| Volume/sequential designation | [1998] 75 P&CR 97-101(5) |
| 520 ## - SUMMARY, ETC. | |
| Summary, etc. | QBD 13 March 1997. The applicants applied to build an alternative house from which to continue their farming operation since their existing house was close to the M1 motorway and they had received an offer from the Highways Agency to purchase the house. The Agency wished to use the house for business use rather than demolish it. The location chosen for the new dwelling was a considerable distance from the existing house and was in open countryside. Buckinghamshire Country Structure Plan contained a presumption against development in open countryside but allowed `limited extension, replacement or alteration of existing dwellings`. At appeal, the applicants argued that they were replacing their existing dwelling with the new dwelling. The Inspector rejected that submission on the grounds that the term `replace`, as applied in a planning context, was to restore to a previous place or position. The applicants appealed to the High Court. Held, dismissing the application. |
| 650 ## - SUBJECT ADDED ENTRY--TOPICAL TERM | |
| Topical term or geographic name entry element | PLANNING PERMISSION |
| 650 ## - SUBJECT ADDED ENTRY--TOPICAL TERM | |
| Topical term or geographic name entry element | REPLACEMENT |
| 650 ## - SUBJECT ADDED ENTRY--TOPICAL TERM | |
| Topical term or geographic name entry element | RICHARDSON V SOS ENVIRONMENT AND MILTON KEYNES BC |
| 650 ## - SUBJECT ADDED ENTRY--TOPICAL TERM | |
| Topical term or geographic name entry element | STRUCTURE PLAN |
| 690 ## - LOCAL SUBJECT ADDED ENTRY--TOPICAL TERM (OCLC, RLIN) | |
| Topical term or geographic name as entry element | PLANNING LAW AND PRACTICE-CASE LAW |
| 942 ## - ADDED ENTRY ELEMENTS (KOHA) | |
| Suppress in OPAC | 0 |
| 948 ## - LOCAL PROCESSING INFORMATION (OCLC); SERIES PART DESIGNATOR (RLIN) | |
| c (OCLC) | 06/02/1998 |
| Withdrawn status | Lost status | Source of classification or shelving scheme | Damaged status | Not for loan | Home library | Current library | Shelving location | Date acquired | Total Checkouts | Full call number | Barcode | Date last seen | Copy number | Price effective from | Koha item type |
|---|---|---|---|---|---|---|---|---|---|---|---|---|---|---|---|
| Dewey Decimal Classification | London | London | Journal article | 14/09/1999 | ABS58343 | 83582-1001 | 06/08/2019 | 1 | 06/08/2019 | Law report |